[Event "4. Moscu Open 2008"]
[Site "Moscu RUS"]
[Date "2008.02.05"]
[Round "4.116"]
[White "Davydov, Sergey P"]
[Black "Chizhikov, Vladislav"]
[Result "1-0"]
[WhiteElo "2335"]
[BlackElo "2590"]
[PlyCount "65"]
[EventDate "2008.02.02"]
[EventType "swiss"]
[EventRounds "9"]
[EventCountry "RUS"]
[Source "lmi"]
[SourceDate "2008.02.02"]

1. d4 d5 2. Nf3 Nf6 3. c4 c6 4. Nc3 e6 5. cxd5 exd5 6. Bg5 Nbd7 7. Qc2 Bd6 8.
e3 O-O 9. Bd3 h6 10. Bh4 Re8 11. Rb1 a5 12. O-O Nf8 13. a3 Bg4 14. Nd2 Bh5 15.
Bg3 Bxg3 16. hxg3 Bg6 17. b4 axb4 18. axb4 Ng4 19. Bxg6 Nxg6 20. Qf5 Qg5 21.
Qxg5 hxg5 22. b5 Ra3 23. Rbc1 f5 24. Ncb1 Rd3 25. bxc6 bxc6 26. Rxc6 Nf6 27.
Nf3 f4 28. gxf4 gxf4 29. g4 Ne7 30. Rc7 Nxg4 31. Nc3 Nf5 32. Nxd5 Nxd4 33. Ne7+
1-0

[Event "4. Moscu Open 2008"]
[Site "Moscu RUS"]
[Date "2008.02.05"]
[Round "4.117"]
[White "Bochkov, Mikhail"]
[Black "Soltanici, Ruslan"]
[Result "0-1"]
[WhiteElo "2314"]
[BlackElo "2379"]
[PlyCount "38"]
[EventDate "2008.02.02"]
[EventType "swiss"]
[EventRounds "9"]
[EventCountry "RUS"]
[Source "lmi"]
[SourceDate "2008.02.02"]

1. c4 c5 2. Nc3 Nf6 3. e4 d6 4. g3 b6 5. Bg2 Bb7 6. Nge2 e6 7. O-O a6 8. d3 Nc6
9. Bf4 Be7 10. h3 O-O 11. Be3 Re8 12. a3 Nd7 13. Rb1 Bf6 14. g4 Bd4 15. Qd2 Rb8
16. b4 Bxe3 17. Qxe3 Ne7 18. d4 cxd4 19. Nxd4 Nc6 0-1

[Event "4. Moscu Open 2008"]
[Site "Moscu RUS"]
[Date "2008.02.05"]
[Round "4.118"]
[White "Moskalenko, Alexander"]
[Black "Reutsky, Sergei"]
[Result "1-0"]
[WhiteElo "2402"]
[BlackElo "2311"]
[PlyCount "87"]
[EventDate "2008.02.02"]
[EventType "swiss"]
[EventRounds "9"]
[EventCountry "RUS"]
[Source "lmi"]
[SourceDate "2008.02.02"]

1. d4 d5 2. c4 dxc4 3. e4 Nc6 4. Be3 Nf6 5. Nc3 e5 6. d5 Na5 7. Qa4+ c6 8. dxc6
Nxc6 9. Bxc4 Be7 10. Nf3 O-O 11. O-O Bd7 12. Qd1 Rc8 13. h3 h6 14. Qe2 Qc7 15.
Rfd1 Qb8 16. a3 Na5 17. Ba2 b5 18. Nd5 Nxd5 19. Rxd5 Bc6 20. Rxe5 Bf6 21. Rf5
Nc4 22. Bd4 Rfe8 23. Bxc4 bxc4 24. Bxf6 Bxe4 25. Re5 Bxf3 26. Rxe8+ Rxe8 27.
Qxf3 gxf6 28. Qxf6 Qb6 29. Qxb6 axb6 30. Rd1 b5 31. Kf1 Re5 32. Rd2 Rc5 33. Rc2
Rd5 34. Ke2 Kg7 35. Ke3 Rd3+ 36. Ke2 Rb3 37. Kd2 f5 38. Kc1 Rd3 39. Rd2 Rb3 40.
Kc2 Kg6 41. Rd4 Kf6 42. a4 Ke5 43. Rh4 f4 44. axb5 1-0

[Event "4. Moscu Open 2008"]
[Site "Moscu RUS"]
[Date "2008.02.05"]
[Round "4.119"]
[White "Kostin, Alexey"]
[Black "Pichugin, Andrei"]
[Result "0-1"]
[WhiteElo "2389"]
[BlackElo "2176"]
[PlyCount "129"]
[EventDate "2008.02.02"]
[EventType "swiss"]
[EventRounds "9"]
[EventCountry "RUS"]
[Source "lmi"]
[SourceDate "2008.02.02"]

1. e4 c5 2. c3 Nf6 3. e5 Nd5 4. d4 e6 5. Nf3 cxd4 6. cxd4 Nc6 7. Bd3 d6 8. O-O
Be7 9. a3 O-O 10. Qe2 a6 11. Qe4 f5 12. exf6 Nxf6 13. Qh4 g6 14. Bh6 Nh5 15.
Qe4 Rf7 16. Nc3 Nf6 17. Qe2 Nh5 18. Qe3 Ng7 19. Ng5 Bxg5 20. Bxg5 Qf8 21. Bh6
Ne7 22. Rac1 Bd7 23. Rfe1 Nef5 24. Bxf5 Rxf5 25. Ne4 Bc6 26. Ng5 Re8 27. Qh3
Qf6 28. Nxh7 Qe7 29. g4 Rf3 30. Qg2 Kxh7 31. Rxc6 Qf7 32. Rc3 Rxc3 33. bxc3
Kxh6 34. Qh3+ Kg5 35. Qg3 Rf8 36. Re3 Ne8 37. Kg2 Kh6 38. Qh4+ Kg7 39. Rh3 Qg8
40. Qh6+ Kf7 41. Rf3+ Ke7 42. Rxf8 Qxf8 43. Qxg6 Qg7 44. Qe4 d5 45. Qf4 Nd6 46.
f3 Kd7 47. h4 Nf7 48. h5 Ng5 49. Qb8 Kc6 50. Qe5 Qxe5 51. dxe5 Kd7 52. f4 Nf7
53. g5 Ke7 54. Kf3 Kf8 55. h6 Kg8 56. Ke3 Kh7 57. Kd4 Kg6 58. Kc5 Kf5 59. h7
Nh8 60. a4 b5 61. axb5 axb5 62. Kxb5 Kxf4 63. Kc6 Kxe5 64. Kd7 Kf5 65. Kd6 0-1

[Event "4. Moscu Open 2008"]
[Site "Moscu RUS"]
[Date "2008.02.05"]
[Round "4.120"]
[White "Kachar, Vladimir"]
[Black "Loginov, Anton"]
[Result "1/2-1/2"]
[WhiteElo "2342"]
[BlackElo "2231"]
[PlyCount "86"]
[EventDate "2008.02.02"]
[EventType "swiss"]
[EventRounds "9"]
[EventCountry "RUS"]
[Source "lmi"]
[SourceDate "2008.02.02"]

1. c4 e5 2. Nc3 Nf6 3. Nf3 Nc6 4. g3 Bb4 5. Bg2 O-O 6. O-O Bxc3 7. bxc3 Re8 8.
d3 e4 9. Nd4 h6 10. Rb1 d6 11. h3 Ne5 12. f4 Ned7 13. Nc2 c6 14. Kh2 d5 15. Ne3
dxc4 16. dxc4 Nb6 17. Qd4 Qe7 18. c5 Nbd7 19. Ba3 Qe6 20. Rb2 b6 21. Rd1 Nxc5
22. Bxc5 bxc5 23. Qxc5 Nd7 24. Qd6 Nb6 25. f5 Qe5 26. Qxe5 Rxe5 27. Rd8+ Kh7
28. g4 Bb7 29. Rxa8 Bxa8 30. Rd2 Nd5 31. Nxd5 cxd5 32. Rd4 Re7 33. c4 dxc4 34.
Rxc4 Bd5 35. Ra4 Rc7 36. Bxe4 Rc4 37. Rxc4 Bxc4 38. a3 Bxe2 39. Kg3 Kg8 40. Kf4
f6 41. h4 Kf8 42. g5 hxg5+ 43. hxg5 Ke7 1/2-1/2

[Event "4. Moscu Open 2008"]
[Site "Moscu RUS"]
[Date "2008.02.05"]
[Round "4.122"]
[White "Shefer, Alexander"]
[Black "Kruglov, Viktor"]
[Result "1-0"]
[WhiteElo "2113"]
[BlackElo "2336"]
[PlyCount "71"]
[EventDate "2008.02.02"]
[EventType "swiss"]
[EventRounds "9"]
[EventCountry "RUS"]
[Source "lmi"]
[SourceDate "2008.02.02"]

1. d4 g6 2. c4 Bg7 3. Nf3 Nf6 4. Nc3 d5 5. Qb3 dxc4 6. Qxc4 O-O 7. e4 a6 8. e5
b5 9. Qb3 Be6 10. Qd1 Nd5 11. Bd3 c5 12. O-O Nc6 13. Be4 Rc8 14. dxc5 Nxc3 15.
bxc3 Nxe5 16. Be3 Bc4 17. Qxd8 Rfxd8 18. Rfc1 Bd5 19. Bxd5 Rxd5 20. Nxe5 Bxe5
21. a4 b4 22. cxb4 Bxa1 23. Rxa1 Rcd8 24. Kf1 Rd1+ 25. Rxd1 Rxd1+ 26. Ke2 Rb1
27. b5 axb5 28. c6 Rb2+ 29. Kd3 Rb3+ 30. Kc2 Rb4 31. axb5 Kf8 32. Kc3 Ra4 33.
c7 Ra8 34. b6 Rc8 35. Bf4 Ke8 36. b7 1-0

[Event "4. Moscu Open 2008"]
[Site "Moscu RUS"]
[Date "2008.02.05"]
[Round "4.123"]
[White "Benza, Artem"]
[Black "Usov, Ilia Nik"]
[Result "0-1"]
[WhiteElo "2333"]
[BlackElo "2028"]
[PlyCount "52"]
[EventDate "2008.02.02"]
[EventType "swiss"]
[EventRounds "9"]
[EventCountry "RUS"]
[Source "lmi"]
[SourceDate "2008.02.02"]

1. e4 c5 2. Nf3 d6 3. d4 cxd4 4. Nxd4 Nf6 5. Nc3 e5 6. Bb5+ Nbd7 7. Nf5 a6 8.
Bxd7+ Qxd7 9. Ng3 Be7 10. Bg5 b5 11. Bxf6 Bxf6 12. Nf5 O-O 13. Qxd6 Qxd6 14.
Nxd6 Rd8 15. Nxc8 Raxc8 16. Rd1 Rd4 17. f3 Rdc4 18. Rd2 Bg5 19. Rd3 b4 20. Nd1
Rxc2 21. Rb3 Bc1 22. O-O Rd8 23. Nf2 a5 24. g3 Bxb2 25. Rd3 Bd4 26. Kg2 Rxa2
0-1

[Event "4. Moscu Open 2008"]
[Site "Moscu RUS"]
[Date "2008.02.05"]
[Round "4.124"]
[White "Vakhlamov, Igor L"]
[Black "Alexeev, Alexey"]
[Result "1-0"]
[WhiteElo "2068"]
[BlackElo "2316"]
[PlyCount "80"]
[EventDate "2008.02.02"]
[EventType "swiss"]
[EventRounds "9"]
[EventCountry "RUS"]
[Source "lmi"]
[SourceDate "2008.02.02"]

1. e4 e5 2. Nf3 Nc6 3. Nc3 Nf6 4. Bb5 Bb4 5. O-O O-O 6. d3 d6 7. Bg5 Bxc3 8.
bxc3 Qe7 9. Re1 Nd8 10. d4 Ne6 11. Bc1 Rd8 12. Nh4 c5 13. Nf5 Qc7 14. d5 Nf4
15. Ng3 c4 16. Bxf4 exf4 17. e5 dxe5 18. Ne4 Nxd5 19. Qe2 a6 20. Bxc4 f3 21.
Qd3 Nf4 22. Bxf7+ Kf8 23. Qe3 Qxf7 24. Ng5 Qd5 25. c4 Qd4 26. Qxf3 Bf5 27. g3
h6 28. Rad1 Qxc4 29. Rxd8+ Rxd8 30. Rxe5 Bxc2 31. Ne6+ Kg8 32. Nxd8 Nh3+ 33.
Kg2 Ng5 34. Qxb7 Qg4 35. Qd5+ Kh7 36. f3 Qh3+ 37. Kg1 Qh5 38. Kg2 Be4 39. Qxe4+
Nxe4 40. Rxh5 Ng5 1-0

[Event "4. Moscu Open 2008"]
[Site "Moscu RUS"]
[Date "2008.02.05"]
[Round "4.125"]
[White "Sychev, Klementy"]
[Black "Lyaskovsky, Valentin"]
[Result "1-0"]
[WhiteElo "2122"]
[BlackElo "2297"]
[PlyCount "64"]
[EventDate "2008.02.02"]
[EventType "swiss"]
[EventRounds "9"]
[EventCountry "RUS"]
[Source "lmi"]
[SourceDate "2008.02.02"]

1. d4 Nf6 2. c4 g6 3. Nc3 Bg7 4. e4 d6 5. f3 O-O 6. Be3 Nc6 7. Nge2 a6 8. Qd2
Rb8 9. Nc1 e5 10. Nb3 exd4 11. Nxd4 Ne5 12. Be2 c6 13. Rd1 Qe7 14. O-O Rd8 15.
h3 c5 16. Nc2 Be6 17. b3 Nc6 18. Bg5 Qf8 19. f4 h6 20. Bh4 Ne7 21. Ne3 Qe8 22.
f5 gxf5 23. exf5 Bc8 24. Bxf6 Bxf6 25. Ng4 Bd4+ 26. Kh1 Qf8 27. Nxh6+ Kh7 28.
Ng4 f6 29. Bd3 d5 30. Qe1 Kg7 31. Qg3 Bd7 32. Ne5+ Kh7 1-0

[Event "4. Moscu Open 2008"]
[Site "Moscu RUS"]
[Date "2008.02.05"]
[Round "4.126"]
[White "Kurdakov, Yuri"]
[Black "Antipov, Mikhail Al"]
[Result "1-0"]
[WhiteElo "2286"]
[BlackElo "2114"]
[PlyCount "107"]
[EventDate "2008.02.02"]
[EventType "swiss"]
[EventRounds "9"]
[EventCountry "RUS"]
[Source "lmi"]
[SourceDate "2008.02.02"]

1. c4 d6 2. Nc3 Nf6 3. g3 g6 4. Bg2 Bg7 5. Nf3 O-O 6. O-O Nbd7 7. Rb1 e5 8. b4
Re8 9. d3 a6 10. a4 c6 11. a5 Nf8 12. Na4 Be6 13. Nb6 Rb8 14. Ng5 N6d7 15. Nxe6
Nxe6 16. Na4 Qc7 17. Bd2 f5 18. Re1 Rf8 19. b5 Nec5 20. Nxc5 Nxc5 21. bxc6 bxc6
22. Qc2 Rfe8 23. Rxb8 Rxb8 24. Rb1 Rxb1+ 25. Qxb1 Nd7 26. Qb4 Kf7 27. Be3 Bf8
28. Qa4 Nb8 29. f4 Qb7 30. Kf2 Be7 31. fxe5 dxe5 32. Bb6 Qd7 33. Be3 Qb7 34.
Bb6 Qd7 35. Qa1 Qd6 36. Qb1 Nd7 37. Be3 Qc7 38. Qa2 Kg7 39. Qa4 Nb8 40. Ke1 Qb7
41. Bb6 Qd7 42. Kf1 Kf7 43. Qb3 Kf6 44. Bf3 Qb7 45. Qa4 Qd7 46. Qb3 Qb7 47. Qc3
Nd7 48. c5 Kf7 49. e4 fxe4 50. Bxe4 Qc8 51. Bf3 Kg7 52. Bg4 Qe8 53. Kg2 Nxc5
54. Qxe5+ 1-0

[Event "4. Moscu Open 2008"]
[Site "Moscu RUS"]
[Date "2008.02.05"]
[Round "4.127"]
[White "Markevich, Arseniy"]
[Black "Kashlinskaya, Alina"]
[Result "1-0"]
[WhiteElo "2054"]
[BlackElo "2276"]
[PlyCount "37"]
[EventDate "2008.02.02"]
[EventType "swiss"]
[EventRounds "9"]
[EventCountry "RUS"]
[Source "lmi"]
[SourceDate "2008.02.02"]

1. d4 Nf6 2. Nf3 g6 3. Bg5 Bg7 4. Nbd2 d6 5. e4 O-O 6. c3 Nbd7 7. Bc4 h6 8. Bh4
g5 9. Bg3 Nh5 10. Qe2 c5 11. Nb3 a6 12. dxc5 Nxc5 13. Nxc5 Nxg3 14. hxg3 dxc5
15. Nxg5 b5 16. Nxf7 Rxf7 17. Bxf7+ Kxf7 18. Qh5+ Kg8 19. Rd1 1-0

[Event "4. Moscu Open 2008"]
[Site "Moscu RUS"]
[Date "2008.02.05"]
[Round "4.128"]
[White "Inants, Aghasi"]
[Black "Adlai, Semion"]
[Result "1-0"]
[WhiteElo "2241"]
[BlackElo "2590"]
[PlyCount "61"]
[EventDate "2008.02.02"]
[EventType "swiss"]
[EventRounds "9"]
[EventCountry "RUS"]
[Source "lmi"]
[SourceDate "2008.02.02"]

1. e4 e5 2. Nf3 Nf6 3. Nc3 Nc6 4. Bb5 a6 5. Bxc6 dxc6 6. O-O Bg4 7. h3 Bxf3 8.
Qxf3 Qd7 9. d3 O-O-O 10. Be3 Be7 11. Rad1 Qe6 12. d4 exd4 13. Bxd4 c5 14. Bxf6
Bxf6 15. Nd5 Bxb2 16. c3 Rhe8 17. Qg3 Qe5 18. Qf3 Qxe4 19. Qxf7 Rxd5 20. Rxd5
Bxc3 21. Qd7+ Kb8 22. Rxc5 Bd4 23. Qxc7+ Ka8 24. Rcc1 Rf8 25. Qd6 Rf7 26. Rc8+
Ka7 27. Qd8 b6 28. Rc7+ Rxc7 29. Qxc7+ Ka8 30. Qd8+ Ka7 31. Rd1 1-0

[Event "4. Moscu Open 2008"]
[Site "Moscu RUS"]
[Date "2008.02.05"]
[Round "4.129"]
[White "Guerrero, Juan Carlos"]
[Black "Hudaberdin, Ravil"]
[Result "1-0"]
[WhiteElo "2196"]
[BlackElo "2590"]
[PlyCount "40"]
[EventDate "2008.02.02"]
[EventType "swiss"]
[EventRounds "9"]
[EventCountry "RUS"]
[Source "lmi"]
[SourceDate "2008.02.02"]

1. d4 d5 2. c4 c6 3. Nf3 Nf6 4. Nc3 e6 5. Bg5 Be7 6. e3 Nbd7 7. Rc1 b6 8. cxd5
cxd5 9. Bd3 Bb7 10. O-O O-O 11. Qe2 Nh5 12. Bxe7 Qxe7 13. Na4 Qd6 14. b3 Nhf6
15. Qc2 b5 16. Nc5 Nxc5 17. dxc5 Qe7 18. a4 Bc6 19. Nd4 Qd7 20. Qe2 Rab8 1-0

[Event "4. Moscu Open 2008"]
[Site "Moscu RUS"]
[Date "2008.02.06"]
[Round "5.1"]
[White "Geller, Jakov"]
[Black "Naiditsch, Arkadij"]
[Result "1/2-1/2"]
[WhiteElo "2511"]
[BlackElo "2638"]
[PlyCount "140"]
[EventDate "2008.02.02"]
[EventType "swiss"]
[EventRounds "9"]
[EventCountry "RUS"]
[Source "lmi"]
[SourceDate "2008.02.02"]

1. e4 e5 2. Nf3 Nc6 3. Bb5 a6 4. Ba4 Nf6 5. O-O Be7 6. Re1 b5 7. Bb3 O-O 8. c3
d5 9. exd5 Nxd5 10. Nxe5 Nxe5 11. Rxe5 c6 12. d3 Bd6 13. Re1 Qh4 14. g3 Qh3 15.
Re4 Nf6 16. Rh4 Qf5 17. Bc2 Qg6 18. Nd2 Bg4 19. f3 Bf5 20. Ne4 Rad8 21. d4 Rfe8
22. Nxf6+ Qxf6 23. Be4 h6 24. b4 Bxb4 25. cxb4 Rxd4 26. Qf1 Rdxe4 27. fxe4 Qxa1
28. exf5 Qc3 29. Kf2 Qc2+ 30. Kf3 c5 31. bxc5 Qc3+ 32. Kf2 Qxc5+ 33. Kg2 Qc2+
34. Kf3 Qxf5+ 35. Rf4 Qc2 36. h4 Rd8 37. Be3 Rd1 38. Qg2 Qd3 39. Kf2 Qc2+ 40.
Kf3 Qc3 41. h5 a5 42. Qe2 Qc6+ 43. Kf2 Qd5 44. Qc2 Qxh5 45. Qc8+ Kh7 46. Qc2+
g6 47. Rh4 Qd5 48. Bxh6 Rh1 49. Bf4+ Rxh4 50. gxh4 b4 51. Kg3 Qd4 52. Qf2 Qc4
53. Be5 a4 54. Qf6 Qd3+ 55. Kf4 Qc4+ 56. Ke3 Qc5+ 57. Ke4 Qc4+ 58. Bd4 Qe2+ 59.
Kd5 Qb5+ 60. Kd6 Qb8+ 61. Ke7 Qc7+ 62. Ke8 Qc8+ 63. Kxf7 Qd7+ 64. Kf8 Qc8+ 65.
Ke7 Qc7+ 66. Ke8 Qc8+ 67. Qd8 Qxd8+ 68. Kxd8 g5 69. hxg5 Kg6 70. Bf6 b3 1/2-1/2

[Event "4. Moscu Open 2008"]
[Site "Moscu RUS"]
[Date "2008.02.06"]
[Round "5.2"]
[White "Tregubov, Pavel V"]
[Black "Andriasian, Zaven"]
[Result "1-0"]
[WhiteElo "2636"]
[BlackElo "2532"]
[PlyCount "111"]
[EventDate "2008.02.02"]
[EventType "swiss"]
[EventRounds "9"]
[EventCountry "RUS"]
[Source "lmi"]
[SourceDate "2008.02.02"]

1. d4 d5 2. c4 c6 3. Nf3 Nf6 4. e3 Bg4 5. h3 Bxf3 6. Qxf3 e6 7. Nc3 Nbd7 8. Bd2
Bb4 9. Bd3 O-O 10. a3 Ba5 11. b4 Bc7 12. cxd5 cxd5 13. O-O Rc8 14. Rfc1 Bb8 15.
e4 dxe4 16. Nxe4 Rxc1+ 17. Rxc1 Nd5 18. Bg5 Qb6 19. Nc5 Nxc5 20. dxc5 Qc7 21.
g3 Qe5 22. Qe4 g6 23. h4 f6 24. Bh6 Qxe4 25. Bxe4 Rd8 26. b5 Be5 27. Rc4 Kf7
28. a4 Rc8 29. Bc1 Bd6 30. Ba3 Be7 31. Kf1 b6 32. cxb6 Nxb6 33. Rxc8 Nxc8 34.
Bb2 Bb4 35. Ke2 Nb6 36. Bc2 Ke7 37. f3 f5 38. g4 h5 39. gxh5 gxh5 40. Bd4 Kd6
41. f4 Kd7 42. Bd1 Kc7 43. Kf2 Nd5 44. Bxh5 Nxf4 45. Bf3 Bc5 46. Bxc5 Nd3+ 47.
Kg3 Nxc5 48. h5 Nd7 49. h6 Nf8 50. Kf4 Kb6 51. Ke5 Ka5 52. Bd1 Nh7 53. Kxe6 f4
54. Kf5 f3 55. Bxf3 Kxa4 56. Bg4 1-0

[Event "4. Moscu Open 2008"]
[Site "Moscu RUS"]
[Date "2008.02.06"]
[Round "5.5"]
[White "Asrian, Karen"]
[Black "Nikolenko, Oleg"]
[Result "1/2-1/2"]
[WhiteElo "2621"]
[BlackElo "2509"]
[PlyCount "37"]
[EventDate "2008.02.02"]
[EventType "swiss"]
[EventRounds "9"]
[EventCountry "RUS"]
[Source "lmi"]
[SourceDate "2008.02.02"]

1. e4 e6 2. d4 d5 3. Nc3 Nf6 4. Bg5 dxe4 5. Nxe4 Nbd7 6. Nxf6+ Nxf6 7. Nf3 h6
8. Bh4 c5 9. c3 cxd4 10. Qa4+ Bd7 11. Qxd4 Bc6 12. O-O-O Be7 13. Ne5 Qc7 14.
Nxc6 bxc6 15. Qa4 O-O 16. Bg3 Qb6 17. Be2 Nd5 18. Qa6 Qc5 19. Qc4 1/2-1/2

[Event "4. Moscu Open 2008"]
[Site "Moscu RUS"]
[Date "2008.02.06"]
[Round "5.9"]
[White "Popov, Ivan"]
[Black "Voitsekhovsky, Stanislav"]
[Result "1-0"]
[WhiteElo "2590"]
[BlackElo "2493"]
[PlyCount "83"]
[EventDate "2008.02.02"]
[EventType "swiss"]
[EventRounds "9"]
[EventCountry "RUS"]
[Source "lmi"]
[SourceDate "2008.02.02"]

1. e4 c5 2. Nf3 d6 3. d4 cxd4 4. Nxd4 Nf6 5. Nc3 Nc6 6. Bc4 Qb6 7. Nb3 e6 8.
Bf4 Ne5 9. Be2 Bd7 10. Qd2 a6 11. Bg5 Qc7 12. Bxf6 gxf6 13. O-O b5 14. a4 bxa4
15. Nxa4 Rg8 16. f4 Bh6 17. Kh1 f5 18. Nc3 Bc6 19. Nd4 Bb7 20. Ndb5 axb5 21.
Nxb5 Qd7 22. Nxd6+ Ke7 23. Qb4 Nc6 24. Nxf5+ Ke8 25. Qxb7 Qxb7 26. Nd6+ Ke7 27.
Nxb7 Rxa1 28. Rxa1 Rb8 29. Na5 Nxa5 30. Rxa5 Rxb2 31. g3 Rxc2 32. Ra7+ Kd6 33.
Bh5 f6 34. Rxh7 Bf8 35. Ra7 e5 36. Ra6+ Rc6 37. fxe5+ fxe5 38. Rxc6+ Kxc6 39.
Kg2 Bc5 40. h4 Be7 41. Kh3 Kc5 42. Kg4 1-0

[Event "4. Moscu Open 2008"]
[Site "Moscu RUS"]
[Date "2008.02.06"]
[Round "5.11"]
[White "Kazhgaleyev, Murtas"]
[Black "Danin, Alexandre"]
[Result "1-0"]
[WhiteElo "2594"]
[BlackElo "2480"]
[PlyCount "61"]
[EventDate "2008.02.02"]
[EventType "swiss"]
[EventRounds "9"]
[EventCountry "RUS"]
[Source "lmi"]
[SourceDate "2008.02.02"]

1. d4 Nf6 2. c4 g6 3. Nc3 d5 4. Nf3 Bg7 5. Qb3 dxc4 6. Qxc4 O-O 7. Bf4 Na6 8.
e4 c5 9. e5 b5 10. Qb3 Nh5 11. Be3 cxd4 12. Nxd4 Bxe5 13. Nc6 Bxc3+ 14. Qxc3
Qd7 15. Bxb5 Bb7 16. Rd1 Qe6 17. Qc4 Qf6 18. Bd4 e5 19. Bxe5 Rfe8 20. O-O Rxe5
21. Nxe5 Qxe5 22. Rd7 Rf8 23. Rxb7 Nc5 24. Rxa7 Nf4 25. g3 Nh3+ 26. Kg2 Qf5 27.
Bc6 Nd3 28. Qe4 Nhf4+ 29. gxf4 Qxf4 30. Kh1 Nxf2+ 31. Rxf2 1-0

[Event "4. Moscu Open 2008"]
[Site "Moscu RUS"]
[Date "2008.02.06"]
[Round "5.12"]
[White "Friedel, Joshua E"]
[Black "Belov, Vladimir"]
[Result "0-1"]
[WhiteElo "2487"]
[BlackElo "2578"]
[PlyCount "50"]
[EventDate "2008.02.02"]
[EventType "swiss"]
[EventRounds "9"]
[EventCountry "RUS"]
[Source "lmi"]
[SourceDate "2008.02.02"]

1. e4 e6 2. d4 d5 3. Nc3 Bb4 4. e5 c5 5. a3 Ba5 6. b4 cxd4 7. Nb5 Bc7 8. f4 Bd7
9. Nxc7+ Qxc7 10. Bb2 Ba4 11. Bd3 Nc6 12. Nf3 Qb6 13. Nxd4 Nge7 14. Qd2 a5 15.
Bc3 O-O 16. b5 Nb8 17. Ne2 Nf5 18. h4 h5 19. Rh3 Nd7 20. Rb1 Qc7 21. Bxf5 exf5
22. Bd4 Rfc8 23. Rg3 Nf8 24. e6 Nxe6 25. Be3 Qxc2 0-1

[Event "4. Moscu Open 2008"]
[Site "Moscu RUS"]
[Date "2008.02.06"]
[Round "5.13"]
[White "Kuznetsov, Viktor"]
[Black "Korobov, Anton"]
[Result "0-1"]
[WhiteElo "2590"]
[BlackElo "2573"]
[PlyCount "120"]
[EventDate "2008.02.02"]
[EventType "swiss"]
[EventRounds "9"]
[EventCountry "RUS"]
[Source "lmi"]
[SourceDate "2008.02.02"]

1. e4 e6 2. d4 d5 3. Nd2 c5 4. exd5 exd5 5. Ngf3 Nc6 6. Bb5 Bd6 7. dxc5 Bxc5 8.
O-O Nge7 9. Nb3 Bd6 10. Re1 O-O 11. Bg5 Bg4 12. Be2 Qc7 13. h3 Bd7 14. Nfd4 a6
15. c3 Rfe8 16. Bg4 Ng6 17. Rxe8+ Rxe8 18. Bxd7 Qxd7 19. Qg4 Qxg4 20. hxg4 f6
21. Bd2 Nge5 22. Re1 Kf7 23. Nf5 Bf8 24. f3 Nd3 25. Rxe8 Kxe8 26. Ne3 Nce5 27.
Nxd5 Nc4 28. Kf1 Nxd2+ 29. Nxd2 Nxb2 30. Ke2 Kd7 31. Nb6+ Kc6 32. Nbc4 Nxc4 33.
Nxc4 b5 34. Nd2 Bd6 35. Kd3 Bf4 36. Nb3 Kd5 37. Nd4 g6 38. Nc2 Bd6 39. Nd4 Bc5
40. Ne2 Bb6 41. Nf4+ Ke5 42. Ne2 a5 43. Kc2 Bc5 44. Kd3 h5 45. gxh5 gxh5 46.
Ng3 h4 47. Ne2 f5 48. Kd2 f4 49. c4 b4 50. Kc2 Be3 51. a4 bxa3 52. Kb3 Kd6 53.
Nc3 Kc5 54. Ne4+ Kd4 55. c5 Kd5 56. Nd6 Bxc5 57. Nf5 Bf2 58. Kxa3 Kc4 59. Nd6+
Kd3 60. Nb5 Ke2 0-1

[Event "4. Moscu Open 2008"]
[Site "Moscu RUS"]
[Date "2008.02.06"]
[Round "5.14"]
[White "Kim, Alexey"]
[Black "Kharitonov, Andrei  V"]
[Result "1/2-1/2"]
[WhiteElo "2314"]
[BlackElo "2569"]
[PlyCount "56"]
[EventDate "2008.02.02"]
[EventType "swiss"]
[EventRounds "9"]
[EventCountry "RUS"]
[Source "lmi"]
[SourceDate "2008.02.02"]

1. e4 c6 2. d4 d5 3. f3 e6 4. Nc3 Bb4 5. Bf4 Ne7 6. Qd2 O-O 7. a3 Ba5 8. b4 Bc7
9. e5 a5 10. Rb1 axb4 11. axb4 f6 12. Bd3 Nd7 13. exf6 Bxf4 14. Qxf4 Rxf6 15.
Qh4 Nf5 16. Bxf5 exf5 17. Nge2 f4 18. O-O h6 19. Rfe1 Nf8 20. Qf2 Qd6 21. Nc1
Bf5 22. Qd2 Re6 23. Rxe6 Nxe6 24. N3e2 Ra4 25. Rb2 Ra1 26. c3 Qe7 27. Ra2 Rb1
28. Rb2 Ra1 1/2-1/2

[Event "4. Moscu Open 2008"]
[Site "Moscu RUS"]
[Date "2008.02.06"]
[Round "5.15"]
[White "Krylov, Mikhail"]
[Black "Khismatullin, Denis"]
[Result "1-0"]
[WhiteElo "2371"]
[BlackElo "2564"]
[PlyCount "107"]
[EventDate "2008.02.02"]
[EventType "swiss"]
[EventRounds "9"]
[EventCountry "RUS"]
[Source "lmi"]
[SourceDate "2008.02.02"]

1. d4 Nf6 2. c4 d6 3. Nc3 Nbd7 4. Nf3 g6 5. Bg5 Bg7 6. e3 b6 7. Be2 Bb7 8. Qc2
h6 9. Bh4 e6 10. h3 O-O 11. O-O Qe7 12. Rfd1 g5 13. Bg3 Nh5 14. Bh2 f5 15. d5
e5 16. Nxe5 Nxe5 17. Bxe5 Bxe5 18. Bxh5 Qg7 19. Rac1 Bc8 20. b3 f4 21. Qg6 Qxg6
22. Bxg6 fxe3 23. fxe3 g4 24. Nb5 gxh3 25. Nxc7 h2+ 26. Kh1 Bg4 27. Rf1 Rxf1+
28. Rxf1 Rc8 29. Ne6 b5 30. cxb5 Be2 31. Rb1 Rc3 32. a4 Rxe3 33. Rc1 Rc3 34.
Rxc3 Bxc3 35. Bc2 Bg4 36. Nd8 Bd4 37. Kxh2 Bd7 38. Nc6 Bf2 39. Bf5 Bxf5 40.
Ne7+ Kf7 41. Nxf5 Kf6 42. Nxh6 Bc5 43. Ng4+ Kf5 44. Kg3 Ke4 45. Nf6+ Kd3 46.
Kf4 Be3+ 47. Kf5 Kc3 48. g4 Kxb3 49. a5 Kc4 50. b6 axb6 51. axb6 Bxb6 52. g5
Be3 53. g6 Bh6 54. Ke6 1-0

[Event "4. Moscu Open 2008"]
[Site "Moscu RUS"]
[Date "2008.02.06"]
[Round "5.16"]
[White "Shomoev, Anton"]
[Black "Gagarin, Vasilij"]
[Result "1-0"]
[WhiteElo "2562"]
[BlackElo "2378"]
[PlyCount "101"]
[EventDate "2008.02.02"]
[EventType "swiss"]
[EventRounds "9"]
[EventCountry "RUS"]
[Source "lmi"]
[SourceDate "2008.02.02"]

1. e4 c6 2. d4 d5 3. e5 Bf5 4. h4 h5 5. Bg5 Qb6 6. Bd3 Bxd3 7. Qxd3 e6 8. Nd2
Ne7 9. Ngf3 Qa6 10. c4 Nd7 11. O-O Nf5 12. b3 Be7 13. Bxe7 Nxe7 14. Ng5 Nf5 15.
Ndf3 O-O 16. Qc2 g6 17. Rfc1 Rfd8 18. Qc3 b6 19. Rc2 Rac8 20. Rac1 Nf8 21. Qb2
Qb7 22. b4 dxc4 23. Rxc4 b5 24. R4c2 Qb6 25. Rc5 Nd7 26. d5 Nxc5 27. bxc5 Qb7
28. dxe6 fxe6 29. Nxe6 Rd3 30. Nfg5 Qd7 31. Qb1 Nxh4 32. Nf4 Qg4 33. Qxd3 Qxf4
34. Qb3+ Kh8 35. Qd3 Qg4 36. Qg3 Qxg3 37. fxg3 Nf5 38. Rd1 Re8 39. Rd6 Kg7 40.
Ne6+ Kh6 41. Rxc6 Ne3 42. Rd6 Nc4 43. c6 Nb6 44. c7 Rc8 45. Kf2 b4 46. Ke3 g5
47. Ke4 Kg6 48. Nd4+ Kf7 49. Nb5 Ke7 50. Rh6 Ra8 51. Rh7+ 1-0

[Event "4. Moscu Open 2008"]
[Site "Moscu RUS"]
[Date "2008.02.06"]
[Round "5.17"]
[White "Miroshnichenko, Evgenij"]
[Black "Gavrilov, Alexei"]
[Result "1-0"]
[WhiteElo "2647"]
[BlackElo "2491"]
[PlyCount "63"]
[EventDate "2008.02.02"]
[EventType "swiss"]
[EventRounds "9"]
[EventCountry "RUS"]
[Source "lmi"]
[SourceDate "2008.02.02"]

1. d4 Nf6 2. c4 e6 3. Nf3 d5 4. g3 c6 5. Bg2 Nbd7 6. O-O Bd6 7. Nc3 O-O 8. Nd2
Bc7 9. e4 dxc4 10. Nxc4 e5 11. d5 Nb6 12. b3 Nxc4 13. bxc4 Bd6 14. Rb1 Qc7 15.
Qd3 Nd7 16. Be3 Nc5 17. Qe2 Re8 18. f4 b6 19. f5 Ba6 20. f6 g6 21. h4 Nd7 22.
h5 cxd5 23. hxg6 hxg6 24. Nxd5 Qxc4 25. Qg4 Nf8 26. Rf2 Rac8 27. Bf1 Qa4 28.
Bxa6 Qxa6 29. Kg2 Qd3 30. Rh1 Rc4 31. Qh3 Qxe4+ 32. Kg1 1-0